00876nam a2200229 a 450000100100000000500170001000800410002702000150006804000250008308200080010810000270011624000630014324501140020626000410032030000280036149000320038970000270042170000340044883000390048295201080052199900170062900004008720201002033917.0130806s1972 sp a 000 0 spa d a8421120115 aDO-SdBNPbspacBNPHU axxx1 aDeleuze, Gilles96634710aL︡ Anti-Oedipe--Capitalism et Schizophrénielespañol13aEl antiedipo :bcapitalismo y esquizofremia /cGilles Deleuze, Felix Guattari ; traducción Francisco Monge. aBarcelona :bBarral Editores,c1972. a422 p. :bil. ;c24 cm.1 aBreve biblioteca de reforma1 aGuattari, Felix9663481 aMonge, Francisco,etr.940337 0aBreve biblioteca de reforma966349 001050718MOaPDbPDcCTd2013-08-06iLF1l0oxxx p40087-10r2020-06-25w2020-06-25y1ZNo se presta c39577d39577